000 00748nam a2200289Ia 4500
005 20260324114747.0
008 008 260324s9999 xx 000 0 eng d
020 _a9781003160045
037 _aEBOOK
040 _aCRL
040 _beng
040 _cCRL
041 _2eng
041 _aeng
084 _qCRL
100 _aYared Abayneh Abebe
_91152058
245 0 _aModelling Human-Flood Interactions
245 2 _bA Coupled Flood-Agent-Institution Modelling Framework for Long-Term Flood Risk Management
260 _bTaylor and Francis
260 _c2021
365 _a
365 _b475
856 _uhttp://www.taylorfrancis.com/books/9781003160045
942 _cEBOOK
999 _c1742415
_d1742415